000 004800000a22001210004500
090 _aAS
_bSeriadas
245 1 0 _aEspecie nueva de Anadia (Reptilia: Sauria: Gymnophthalmidae) para el Noroccidente de la Cordillera Oriental de Colombia
041 0 _aEspañol
700 1 _aRances Caicedo, José
_999817
100 1 _aRueda Almonacid, José Vicente
_9689
942 _cARTICULO
773 1 _tRevista de Academia Colombiana de Ciencias Exactas, Físicas y Naturales
_h107
_q282-284
_d2004
_g28
999 _c15546
_d15546